English phrases: positive or negative connotations? [C1 lvl] - Statistics

General Stats
  • This quiz has been taken 206 times
  • The average score is 9 of 10
Answer Stats
Question Answer % Correct
I know that he has my best interests at heart. positive
100%
When you call the help centre they put you on hold for hours! negative
94%
This area is starting to suffer from brain drain. negative
94%
We feel special ties with this beach because it's where we got engaged. positive
94%
The school has state-of-the-art classroom facilities. positive
94%
Elisa was the driving force behind this community clean-up project. positive
94%
The teacher said that my homework was not up to scratch. negative
88%
He always looks down on other people. negative
88%
I made a hasty judgement and regretted it immediately. negative
82%
I could feel his eyes boring into me from across the room. negative
76%
No matching quizzes found
Score Distribution
Percent of People with Each Score
Percentile by Number Answered
Your Score History
You have not taken this quiz